| 000 | 00707nam a2200217Ia 4500 | ||
|---|---|---|---|
| 003 | IN-BaIIA | ||
| 008 | 211028s9999 xx 000 0 eng d | ||
| 020 | _a0-226-10099-5 | ||
| 040 | _cIIA Library | ||
| 080 |
_a081:524 _bCHA |
||
| 100 |
_aChandrasekhar, S. _91248 |
||
| 245 | 0 |
_aSelected papers of S. Chandrasekhar _bvol. 5, relativistic astrophysics _cS. chandrasekhar |
|
| 260 |
_aChicago _bUniversity of Chicago Press _c1990 |
||
| 300 | _axx, 587p. | ||
| 650 | _aAstronomy and Astrophysics thesaurus | ||
| 650 |
_aBlack holes _97728 |
||
| 650 | _aCosmology | ||
| 650 |
_aRelativistic astrophysics _96801 |
||
| 650 |
_aSelected papers _917224 |
||
| 942 | _cBK | ||
| 999 |
_c10160 _d10160 |
||